Beat the system : (Record no. 5149)
[ view plain ]
| 000 -LEADER | |
|---|---|
| fixed length control field | 02089nam a2200337 a 4500 |
| 001 - CONTROL NUMBER | |
| JCCL Control Number | 5149 |
| 003 - CONTROL NUMBER IDENTIFIER | |
| JCCL marc code | BD-JhCC |
| 005 - DATE AND TIME OF LATEST TRANSACTION | |
| control field | 20221212134022.0 |
| 008 - FIXED-LENGTH DATA ELEMENTS--GENERAL INFORMATION | |
| fixed length control field | 171209s2008 nju b 001 0 eng d |
| 020 ## - INTERNATIONAL STANDARD BOOK NUMBER | |
| International Standard Book Number | 9780470175491 |
| Terms of availability | �15.99 |
| 020 ## - INTERNATIONAL STANDARD BOOK NUMBER | |
| International Standard Book Number | 0470175494 |
| Terms of availability | �15.99 |
| 035 ## - SYSTEM CONTROL NUMBER | |
| system control number | (BD-JhCC)5149 |
| 040 ## - CATALOGING SOURCE | |
| Original cataloging agency | StDuBDS |
| Transcribing agency | StDuBDS |
| Modifying agency | BD-JhCC |
| 041 ## - LANGUAGE CODE | |
| Language code of Book | eng |
| 050 00 - LIBRARY OF CONGRESS CALL NUMBER | |
| Classification number | HB615 |
| Item number | .M316 2008 |
| 082 00 - DEWEY DECIMAL CLASSIFICATION NUMBER | |
| Classification number | 658.421 |
| DDC Edition number | 22 |
| Author mark and Year | MAC 2008 |
| 100 1# - MAIN ENTRY--PERSONAL NAME | |
| Personal name | MacDonald, Robert W. |
| 245 10 - TITLE STATEMENT | |
| Title | Beat the system : |
| Remainder of title | 11 secrets to building an entrepreneurial culture in a bureaucratic world / |
| Statement of responsibility, etc | Robert W. MacDonald. |
| 260 ## - PUBLICATION, DISTRIBUTION, ETC. (IMPRINT) | |
| Place of publication, distribution, etc | Hoboken, N.J. : |
| Name of publisher, distributor, etc | Wiley ; |
| Place of publication, distribution, etc | Chichester : |
| Name of publisher, distributor, etc | John Wiley [distributor], |
| Date of publication, distribution, etc | 2008. |
| 300 ## - PHYSICAL DESCRIPTION | |
| Pagination | xxv, 228 p. ; |
| Dimensions | 23 cm. |
| 500 ## - GENERAL NOTE | |
| General note | Formerly CIP. |
| Institution to which field applies | Uk |
| 504 ## - BIBLIOGRAPHY, ETC. NOTE | |
| Bibliography, etc | Includes bibliographical references and index. |
| 505 0# - FORMATTED CONTENTS NOTE | |
| Formatted contents note | Prologue: a case study for beating the system -- Bureaucracy: the enemy of business success -- The 11 simple secrets -- Secret 1: Build parallel interests -- Secret 2: Be an architect of the future -- Secret 3: Be decisive, multifaceted, and ethical to a fault -- Secret 4: Know the risk--measure the reward -- Secret 5: Communication--be a shower not a teller -- Secret 6: Power to the people -- Secret 7: Become a trust builder -- Secret 8: Sharing wealth increases wealth -- Secret 9: Be constant, consistent, and concise -- Secret 10: Treat important people like important people -- Secret 11: Do simple things--but simply do them -- Building from the inside out: lessons learned in creating AIMS -- Epilogue: certificate of guaranteed entrepreneurial success -- Appendix: Sample memo to the gods. |
| 650 #0 - SUBJECT ADDED ENTRY--TOPICAL TERM | |
| Topical term or geographic name as entry element | Entrepreneurship |
| Geographic subdivision | United States. |
| 650 #0 - SUBJECT ADDED ENTRY--TOPICAL TERM | |
| Topical term or geographic name as entry element | Bureaucracy |
| Geographic subdivision | United States. |
| 856 41 - ELECTRONIC LOCATION AND ACCESS | |
| Materials specified | Table of contents only |
| Uniform Resource Identifier | http://www.loc.gov/catdir/toc/ecip0717/2007016898.html |
| 856 42 - ELECTRONIC LOCATION AND ACCESS | |
| Materials specified | Contributor biographical information |
| Uniform Resource Identifier | http://www.loc.gov/catdir/enhancements/fy0741/2007016898-b.html |
| 856 42 - ELECTRONIC LOCATION AND ACCESS | |
| Materials specified | Publisher description |
| Uniform Resource Identifier | http://www.loc.gov/catdir/enhancements/fy0741/2007016898-d.html |
| 942 ## - ADDED ENTRY ELEMENTS (KOHA) | |
| Source of classification or shelving scheme | Dewey Decimal Classification |
| Koha item type | Books |
| Koha issues (borrowed), all copies | 5 |
| Source of classification or shelving scheme | Damaged status | Not for loan | Home library | Current library | Shelving location | Date of accession | Total Checkouts | Full call number | Barcode | Checked out | Date last seen | Date checked out | Copy number | Koha item type |
|---|---|---|---|---|---|---|---|---|---|---|---|---|---|---|
| Dewey Decimal Classification | JCC Rouf Library | JCC Rouf Library | General Stacks | 12/09/2017 | 4 | 658.421 MAC 2008 | 7022 | 11/23/2025 | 10/29/2025 | 10/29/2025 | C-1 | Books |